Sexualities (Record no. 5576)
[ view plain ]
| 000 -LEADER | |
|---|---|
| fixed length control field | 00705 a2200205 4500 |
| 010 ## - LIBRARY OF CONGRESS CONTROL NUMBER | |
| LC control number | ENG-86935 |
| 020 ## - INTERNATIONAL STANDARD BOOK NUMBER | |
| International Standard Book Number | 8188965308 |
| Terms of availability | 500.00 |
| 035 ## - SYSTEM CONTROL NUMBER | |
| System control number | EN-70468 |
| 037 ## - SOURCE OF ACQUISITION | |
| Source of stock number/acquisition | DBAD / PUB |
| 082 14 - DEWEY DECIMAL CLASSIFICATION NUMBER | |
| Classification number | 306.709 |
| 090 ## - LOCALLY ASSIGNED LC-TYPE CALL NUMBER (OCLC); LOCAL CALL NUMBER (OCLC) | |
| -- | 5683 |
| -- | 5683 |
| 245 1# - TITLE STATEMENT | |
| Title | Sexualities |
| Statement of responsibility, etc | edited by Nivedita Menon |
| 260 ## - PUBLICATION, DISTRIBUTION, ETC. (IMPRINT) | |
| Place of publication, distribution, etc | New Delhi |
| Name of publisher, distributor, etc | Women Unlimited |
| Date of publication, distribution, etc | 2007 |
| 270 ## - ADDRESS | |
| Address | K-36, Hauz Khas Enclave , Ground Floor |
| City | New Delhi |
| Postal code | 110 016 |
| 300 ## - PHYSICAL DESCRIPTION | |
| Extent | ix, 333 p. |
| Dimensions | 21 cm (Hb.) |
| 490 ## - SERIES STATEMENT | |
| Series statement | issues in contemporary Indian feminism edited by Rajeswari Sunder Rajan |
| 700 1# - ADDED ENTRY--PERSONAL NAME | |
| Personal name | Menon, Nivedita |
| 942 ## - ADDED ENTRY ELEMENTS (KOHA) | |
| Institution code [OBSOLETE] | dpl |
| Koha item type | English Books |
| Call number prefix | 306.709 / SEX |
| Withdrawn status | Lost status | Source of classification or shelving scheme | Damaged status | Not for loan | Collection code | Home library | Current library | Source of acquisition | Cost, normal purchase price | Total Checkouts | Full call number | Barcode | Date last seen | Copy number | Uniform Resource Identifier | Cost, replacement price | Price effective from | Koha item type |
|---|---|---|---|---|---|---|---|---|---|---|---|---|---|---|---|---|---|---|
| Dewey Decimal Classification | Not For Loan | Non-fiction | D.B.Act.Division | D.B.Act.Division | DBAD/PUB | 500.00 | 306.709 | EN-70468 | 15/09/2008 | 1 | 6383 | 500.00 | 15/09/2008 | English Books |
